00441nam a2200181Ia 4500003000400000005001700004008004100021020001500062040000700077041000800084082001900092100002500111245003300136260004500169300001400214365001300228650001800241OSt20230424110957.0210423s1999 xx 000 0 und d a8120412737 cAL aeng a660.60581 CHOV aCHOPRA (V L);others. aApplied plant biotechnology. aNew DelhibOxford University Pressc1999 ax,384bPB b595cINR aBiotechnology